Find the Countries of Oceania in Dutch Quiz Stats

 Plays Quiz not verified by Sporcle

Challenge
Share
Tweet
Score 0/14 Timer 05:00
0 Plays Today
% Correct
Australiƫ
94.2%
Papoea-Nieuw-Guinea
92.2%
Nieuw-Zeeland
91.3%
Micronesia
80.6%
Palau
73.8%
Salomonseilanden
73.8%
Kiribati
72.8%
% Correct
Nauru
71.8%
Fiji
70.9%
Samoa
68%
Tonga
68%
Marshalleilanden
65%
Tuvalu
61.2%
Vanuatu
61.2%

You're not logged in!

Compare scores with friends on all Sporcle quizzes.
OR
Log In

You Might Also Like...

Show Comments

Extras

Top Quizzes Today


Score Distribution

Your Account Isn't Verified!

In order to create a playlist on Sporcle, you need to verify the email address you used during registration. Go to your Sporcle Settings to finish the process.

Report this User

Report this user for behavior that violates our Community Guidelines.

Details: